[Event "1st FIDE OWCCCC Pools-East 2021"]
[Site "Online"]
[Date "2021.02.19"]
[Round "1.70"]
[White "Gomes, Ricardo Jorge Pires"]
[Black "Song, Yuanchu"]
[Result "0-1"]
[WhiteElo "1423"]
[BlackElo "1421"]
[Annotator "NA"]
[PlyCount "152"]
[EventDate "2021.02.19"]
[EventType "team-tourn"]
[EventCountry "NET"]
[SourceTitle "playchess.com"]
[Source "ChessBase"]
[SourceQuality "1"]

1. e4 d5 2. exd5 Qxd5 3. Nc3 Qa5 4. Nf3 Bg4 5. Be2 Nf6 6. h3 Bf5 7. O-O c5 8. b3 e6 9. Bb2 Nc6 10. Bb5 Qc7 11. Nh4 Bg6 12. Nxg6 hxg6 13. Qf3 Be7 14. Ba3 O-O-O 15. d3 Nd4 16. Qd1 a6 17. Bc4 b5 18. Bxb5 axb5 19. Ne2 Nxe2+ 20. Qxe2 Nd5 21. d4 Qa5 22. Bxc5 Bxc5 23. dxc5 b4 24. Qe1 Qxc5 25. Qe5 Qc3 26. Qxc3+ Nxc3 27. a4 Rd2 28. a5 Kb7 29. Rfe1 Ra8 30. Re3 Rad8 31. Rf3 Rd1+ 32. Rxd1 Rxd1+ 33. Kh2 f6 34. Re3 e5 35. Rg3 g5 36. Rg4 Rd4 37. Rg3 Ka6 38. Rf3 Kxa5 39. g3 Kb5 40. h4 gxh4 41. gxh4 Rxh4+ 42. Kg3 Rd4 43. Kg2 Kc5 44. Rg3 g5 45. Rf3 Rf4 46. Rd3 Rd4 47. Rf3 Rd6 48. Kg3 Ne2+ 49. Kg4 Nf4 50. Rg3 Rd4 51. Kf5 Rd6 52. Rg1 Ne2 53. Rh1 Nd4+ 54. Kg6 Nxc2 55. Rh7 Nd4 56. Rf7 Nxb3 57. Rc7+ Kb6 58. Rf7 Nd4 59. Rf8 Kc5 60. Rb8 Rb6 61. Rc8+ Nc6 62. Kxf6 b3 63. Rh8 b2 64. Rh1 b1=Q 65. Rxb1 Rxb1 66. Kxg5 Rf1 67. f4 exf4 68. Kg4 Kd4 69. Kh3 Ke3 70. Kg2 Ra1 71. Kh2 f3 72. Kg3 f2 73. Kg4 f1=Q 74. Kg3 Qf2+ 75. Kg4 Rg1+ 76. Kh3 Qg3# 0-1

[Event "1st FIDE OWCCCC Pools-East 2021"]
[Site "Online"]
[Date "2021.02.19"]
[Round "1.70"]
[White "Soham Naik"]
[Black "Sankaran, Bharath"]
[Result "0-1"]
[WhiteElo "1292"]
[BlackElo "1433"]
[Annotator "NA"]
[PlyCount "98"]
[EventDate "2021.02.19"]
[EventType "team-tourn"]
[EventCountry "NET"]
[SourceTitle "playchess.com"]
[Source "ChessBase"]
[SourceQuality "1"]

1. e4 c5 2. Nf3 Nc6 3. Bc4 e6 4. Nc3 d6 5. d3 Nf6 6. Bg5 Be7 7. O-O O-O 8. h3 a6 9. Nh2 h6 10. Bh4 b5 11. Bb3 d5 12. exd5 exd5 13. a3 c4 14. dxc4 dxc4 15. Qxd8 Rxd8 16. Ba2 Rd2 17. Rac1 Bf5 18. Bb1 g5 19. Nf3 Rd7 20. Bg3 Bc5 21. h4 g4 22. Ne5 Nxe5 23. Bxe5 Ne4 24. Nxe4 Bxe4 25. c3 Bxb1 26. Rxb1 Re8 27. Rfe1 Rde7 28. Kf1 Rxe5 29. Rxe5 Rxe5 30. Rd1 Kg7 31. b4 cxb3 32. Rb1 Rf5 33. Rb2 Rxf2+ 34. Rxf2 Bxf2 35. Kxf2 b2 36. Ke3 b1=Q 37. Kd4 Qd1+ 38. Kc5 Qg1+ 39. Kb4 Qxg2 40. Kc5 Qf2+ 41. Kb4 g3 42. h5 g2 43. Ka5 g1=Q 44. Kb4 Qc5+ 45. Ka5 Qge3 46. a4 Qexc3+ 47. Kxa6 Qc6+ 48. Ka7 Qd4+ 49. Kb8 Qdb6# 0-1

[Event "1st FIDE OWCCCC Pools-East 2021"]
[Site "Online"]
[Date "2021.02.19"]
[Round "1.70"]
[White "Alrowaiei, Jasim"]
[Black "Benyo, Zoltan"]
[Result "0-1"]
[WhiteElo "1089"]
[BlackElo "1900"]
[Annotator "NA"]
[PlyCount "64"]
[EventDate "2021.02.19"]
[EventType "team-tourn"]
[EventCountry "NET"]
[SourceTitle "playchess.com"]
[Source "ChessBase"]
[SourceQuality "1"]

1. e4 d6 2. d4 Nd7 3. Nf3 e5 4. d5 c6 5. Nc3 Be7 6. Bc4 Ngf6 7. O-O h6 8. Be3 Qc7 9. b3 O-O 10. h3 a6 11. Qd3 c5 12. Ne2 b5 13. Bxb5 axb5 14. Qxb5 Ba6 15. Qa4 Bxe2 16. Qxa8 Rxa8 17. Rfe1 Bxf3 18. gxf3 Nh5 19. a4 Nf4 20. Bxf4 exf4 21. c3 Ne5 22. Kg2 Bh4 23. Rec1 Qe7 24. Kf1 Nxf3 25. a5 Nd2+ 26. Ke2 Nxb3 27. Ra3 Nxc1+ 28. Kd2 Bxf2 29. Kxc1 Qxe4 30. Kb2 Rb8+ 31. Kc1 Qd3 32. a6 Be3# 0-1

[Event "1st FIDE OWCCCC Pools-East 2021"]
[Site "Online"]
[Date "2021.02.19"]
[Round "1.71"]
[White "Vancsa, Marton"]
[Black "Al Mukharraq, Fareeda"]
[Result "1-0"]
[WhiteElo "1620"]
[BlackElo "339"]
[Annotator "NA"]
[PlyCount "21"]
[EventDate "2021.02.19"]
[EventType "team-tourn"]
[EventCountry "NET"]
[SourceTitle "playchess.com"]
[Source "ChessBase"]
[SourceQuality "1"]

1. d4 g5 2. Bxg5 a5 3. Nf3 b5 4. e4 b4 5. Bc4 Nc6 6. d5 Nb8 7. Qd4 a4 8. Qxh8 Bb7 9. Qxg8 e5 10. d6 cxd6 11. Bxf7# 1-0

[Event "1st FIDE OWCCCC Pools-East 2021"]
[Site "Online"]
[Date "2021.02.19"]
[Round "1.71"]
[White "Cao, Yingying"]
[Black "Hermans, Yannick"]
[Result "1-0"]
[WhiteElo "1568"]
[BlackElo "1215"]
[Annotator "NA"]
[PlyCount "107"]
[EventDate "2021.02.19"]
[EventType "team-tourn"]
[EventCountry "NET"]
[SourceTitle "playchess.com"]
[Source "ChessBase"]
[SourceQuality "1"]

1. d4 e6 2. c4 d5 3. Nf3 Nf6 4. Bg5 Be7 5. e3 c5 6. Bd3 cxd4 7. Nxd4 O-O 8. O-O Ne4 9. Bf4 Nd7 10. f3 Nec5 11. Bc2 Nf6 12. Nc3 b6 13. Re1 Bd6 14. Bg5 Qc7 15. g3 Be7 16. cxd5 Nxd5 17. Nxd5 exd5 18. Nb5 Qd7 19. Bxe7 Qxe7 20. Qxd5 Bb7 21. Qh5 g6 22. Qg4 f5 23. Qc4+ Ne6 24. Nd4 Rac8 25. Qb3 Rf6 26. Rac1 Kg7 27. Nxe6+ Qxe6 28. Qxe6 Rxe6 29. f4 Rec6 30. Re2 h5 31. h4 R8c7 32. Kf2 Bc8 33. b3 a5 34. Rd2 Be6 35. Ke1 Rc3 36. Re2 b5 37. Kd1 b4 38. Rd2 Rd7 39. Rxd7+ Bxd7 40. Kd2 Kf6 41. Bd1 Rxc1 42. Kxc1 Ke6 43. Kd2 Bb5 44. Be2 Bxe2 45. Kxe2 Kd5 46. Kd3 Kc5 47. e4 Kd6 48. Kd4 Ke6 49. e5 Kd7 50. Kd5 Ke7 51. e6 Kf6 52. Kd6 g5 53. e7 Kf7 54. Kd7 1-0

[Event "1st FIDE OWCCCC Pools-East 2021"]
[Site "Online"]
[Date "2021.02.19"]
[Round "1.72"]
[White "Ali, Abu Khalil"]
[Black "Dorado Martin, Juan Jose"]
[Result "0-1"]
[WhiteElo "1801"]
[BlackElo "1573"]
[Annotator "NA"]
[PlyCount "66"]
[EventDate "2021.02.19"]
[EventType "team-tourn"]
[EventCountry "NET"]
[SourceTitle "playchess.com"]
[Source "ChessBase"]
[SourceQuality "1"]

1. e4 c5 2. Nc3 Nc6 3. d3 g6 4. Nf3 Bg7 5. Be3 b6 6. g3 Nf6 7. Bg2 O-O 8. O-O Ng4 9. Qe1 Nb4 10. Qd2 Nxe3 11. fxe3 Bb7 12. a3 Nc6 13. Ng5 f6 14. Nf3 Bh6 15. b3 Nd4 16. exd4 Bxd2 17. Nxd2 cxd4 18. Nb5 e5 19. c3 dxc3 20. Nxc3 Rc8 21. Nb5 Ba6 22. Nd6 Rc6 23. N6c4 Bxc4 24. Nxc4 b5 25. Na5 Qxa5 26. b4 Qc7 27. a4 bxa4 28. Rxa4 Rc1 29. Rxc1 Qxc1+ 30. Bf1 Ra8 31. b5 Qc2 32. Rb4 Qc5+ 33. Kg2 Qxb4 0-1

[Event "1st FIDE OWCCCC Pools-East 2021"]
[Site "Online"]
[Date "2021.02.19"]
[Round "1.72"]
[White "Avinash Kumar"]
[Black "Shramani"]
[Result "0-1"]
[WhiteElo "1291"]
[BlackElo "715"]
[Annotator "NA"]
[PlyCount "48"]
[EventDate "2021.02.19"]
[EventType "team-tourn"]
[EventCountry "NET"]
[SourceTitle "playchess.com"]
[Source "ChessBase"]
[SourceQuality "1"]

1. c3 e5 2. Nh3 d5 3. Qb3 Nf6 4. Rg1 Bc5 5. a3 Be6 6. Qc2 O-O 7. Ng5 h6 8. Nh3 g6 9. Qd3 e4 10. Qb5 Qd6 11. Rh1 Nc6 12. Qxb7 Rab8 13. Qa6 Rb6 14. Qa4 d4 15. Qc2 d3 16. exd3 exd3 17. Bxd3 Qe5+ 18. Kf1 Ng4 19. Qd1 Rd8 20. Be2 Nxh2+ 21. Rxh2 Qxh2 22. Ng1 Bd5 23. Bf3 Ne5 24. c4 Bxc4+ 0-1

[Event "1st FIDE OWCCCC Pools-East 2021"]
[Site "Online"]
[Date "2021.02.19"]
[Round "1.73"]
[White "Manish, Mehra"]
[Black "Abdrakhimov, Tlek"]
[Result "1-0"]
[WhiteElo "2140"]
[BlackElo "1142"]
[Annotator "NA"]
[PlyCount "69"]
[EventDate "2021.02.19"]
[EventType "team-tourn"]
[EventCountry "NET"]
[SourceTitle "playchess.com"]
[Source "ChessBase"]
[SourceQuality "1"]

1. e4 c5 2. Nf3 d6 3. d4 cxd4 4. Nxd4 Nc6 5. Be3 Nf6 6. Nc3 e6 7. Be2 Be7 8. O-O O-O 9. Nb3 a6 10. a4 b6 11. f4 Bb7 12. Bf3 Rc8 13. g4 h6 14. Qe1 Nb4 15. Rc1 Nh7 16. Qd2 Bf6 17. Ne2 Bxb2 18. Qxb4 Bxc1 19. Rxc1 Nf6 20. Bxb6 Qd7 21. Bd4 Bxe4 22. Bxe4 Nxe4 23. Bxg7 Kxg7 24. Qxe4 Rc6 25. Nbd4 Rc4 26. Qd3 d5 27. a5 Qd8 28. Qg3 Qxa5 29. c3 Qc7 30. g5 Rg8 31. Kh1 h5 32. Qf3 Rh8 33. f5 e5 34. f6+ Kg6 35. Qf5# 1-0

[Event "1st FIDE OWCCCC Pools-East 2021"]
[Site "Online"]
[Date "2021.02.19"]
[Round "1.74"]
[White "Alexias, Pavlos"]
[Black "Vallet, Vincent"]
[Result "0-1"]
[WhiteElo "1113"]
[BlackElo "1779"]
[Annotator "NA"]
[PlyCount "58"]
[EventDate "2021.02.19"]
[EventType "team-tourn"]
[EventCountry "NET"]
[SourceTitle "playchess.com"]
[Source "ChessBase"]
[SourceQuality "1"]

1. d4 d5 2. c4 c6 3. Nc3 Nf6 4. Bf4 e6 5. e3 a6 6. a3 Bd6 7. Bxd6 Qxd6 8. c5 Qc7 9. Be2 O-O 10. Nf3 Nbd7 11. O-O e5 12. Nd2 e4 13. b4 Re8 14. Qa4 Nf8 15. b5 cxb5 16. Bxb5 Bd7 17. Bxd7 N8xd7 18. Rab1 Ng4 19. g3 Ndf6 20. Qb3 Rab8 21. Nxd5 Nxd5 22. Qxd5 Nf6 23. Qc4 Qd7 24. Kg2 h5 25. Rb6 h4 26. Rfb1 h3+ 27. Kf1 Qg4 28. Rxb7 Rxb7 29. Rxb7 Qd1# 0-1

[Event "1st FIDE OWCCCC Pools-East 2021"]
[Site "Online"]
[Date "2021.02.19"]
[Round "1.75"]
[White "Sawant, Priya"]
[Black "Sartayev, Timur"]
[Result "0-1"]
[WhiteElo "622"]
[BlackElo "1662"]
[Annotator "NA"]
[PlyCount "56"]
[EventDate "2021.02.19"]
[EventType "team-tourn"]
[EventCountry "NET"]
[SourceTitle "playchess.com"]
[Source "ChessBase"]
[SourceQuality "1"]

1. e4 c5 2. Bc4 e6 3. Nf3 a6 4. e5 b5 5. Bd3 Bb7 6. Nc3 d6 7. O-O dxe5 8. Nxe5 Nf6 9. Qf3 Bxf3 10. Ne4 Bxe4 11. Bxe4 Nxe4 12. Re1 Nf6 13. c3 Bd6 14. Nf3 Nc6 15. d4 cxd4 16. cxd4 Nxd4 17. Nxd4 Bxh2+ 18. Kxh2 Qxd4 19. Rb1 O-O 20. Be3 Ng4+ 21. Kg3 Nxe3 22. fxe3 Qe5+ 23. Kf2 Rac8 24. Kf3 Rc2 25. g4 f5 26. g5 Qe4+ 27. Kg3 Rg2+ 28. Kh3 Qg4# 0-1

[Event "1st FIDE OWCCCC Pools-East 2021"]
[Site "Online"]
[Date "2021.02.19"]
[Round "1.75"]
[White "Evaliae"]
[Black "Maders, Lisandro"]
[Result "0-1"]
[WhiteElo "363"]
[BlackElo "1037"]
[Annotator "NA"]
[PlyCount "46"]
[EventDate "2021.02.19"]
[EventType "team-tourn"]
[EventCountry "NET"]
[SourceTitle "playchess.com"]
[Source "ChessBase"]
[SourceQuality "1"]

1. e4 e5 2. d4 exd4 3. e5 Qe7 4. Nf3 Nc6 5. Bf4 d6 6. Bc4 dxe5 7. O-O Bg4 8. Nxe5 Nxe5 9. Bxf7+ Qxf7 10. Bxe5 Bxd1 11. Bxd4 Bxc2 12. Nc3 O-O-O 13. Rac1 Rxd4 14. Rxc2 Nh6 15. Nb5 Ra4 16. Nxc7 Kb8 17. Nb5 a6 18. Nc3 Rc4 19. b3 Rc8 20. Ne4 Rxc2 21. Ng5 Qc7 22. a4 Rc1 23. Rxc1 Qxc1# 0-1

[Event "1st FIDE OWCCCC Pools-East 2021"]
[Site "Online"]
[Date "2021.02.19"]
[Round "1.76"]
[White "Dauletova, Gulmira"]
[Black "sankul"]
[Result "1-0"]
[WhiteElo "2285"]
[BlackElo "1114"]
[Annotator "NA"]
[PlyCount "111"]
[EventDate "2021.02.19"]
[EventType "team-tourn"]
[EventCountry "NET"]
[SourceTitle "playchess.com"]
[Source "ChessBase"]
[SourceQuality "1"]

1. e4 e5 2. Nf3 d6 3. d4 exd4 4. Nxd4 c5 5. Nf3 Bg4 6. h3 Bxf3 7. Qxf3 Qf6 8. Qb3 b6 9. Bb5+ Nd7 10. Nc3 Ne7 11. Bxd7+ Kxd7 12. O-O Nc6 13. Be3 Qe6 14. Qa4 a6 15. Rad1 Be7 16. e5 Qxe5 17. Bf4 b5 18. Bxe5 bxa4 19. Bxg7 Rhg8 20. Bh6 Bg5 21. Bxg5 Rxg5 22. Nxa4 Kc7 23. Rfe1 Rag8 24. g3 f5 25. Kg2 h5 26. Nc3 f4 27. Nd5+ Kd7 28. Nxf4 h4 29. Re3 hxg3 30. fxg3 Ne5 31. b3 a5 32. Nd3 Nxd3 33. Rexd3 Kc7 34. g4 Re8 35. R1d2 Ree5 36. Rxd6 Rg7 37. R6d5 Rxd5 38. Rxd5 Kc6 39. c4 Rd7 40. Rxd7 Kxd7 41. Kf3 Ke6 42. Ke4 Kd6 43. g5 Ke6 44. h4 Kf7 45. h5 Kg7 46. Kf5 Kh7 47. g6+ Kg7 48. Kg5 Kh8 49. h6 Kg8 50. Kf6 Kh8 51. g7+ Kg8 52. h7+ Kxh7 53. Kf7 Kh6 54. g8=Q Kh5 55. Qg3 Kh6 56. Qg6# 1-0

[Event "1st FIDE OWCCCC Pools-East 2021"]
[Site "Online"]
[Date "2021.02.19"]
[Round "1.76"]
[White "Belozerova, Inna"]
[Black "Dutertre, Charles"]
[Result "0-1"]
[WhiteElo "664"]
[BlackElo "1300"]
[Annotator "NA"]
[PlyCount "54"]
[EventDate "2021.02.19"]
[EventType "team-tourn"]
[EventCountry "NET"]
[SourceTitle "playchess.com"]
[Source "ChessBase"]
[SourceQuality "1"]

1. e4 e5 2. d4 exd4 3. Nf3 Nc6 4. Bc4 Nf6 5. Nc3 dxc3 6. bxc3 Bc5 7. Rb1 O-O 8. O-O Nxe4 9. Qd3 Re8 10. Bf4 d5 11. Bxd5 Bf5 12. Nh4 Bxf2+ 13. Kh1 Ng3+ 14. hxg3 Bxd3 15. Rxf2 Qxd5 16. cxd3 Qxd3 17. Rxb7 h6 18. Rxc7 g5 19. Bc1 Qe3 20. Bxe3 Rxe3 21. Rfxf7 gxh4 22. gxh4 Ne5 23. Rg7+ Kf8 24. c4 h5 25. Rce7 Ng4 26. Kg1 Rd8 27. c5 Rd1# 0-1

[Event "1st FIDE OWCCCC Pools-East 2021"]
[Site "Online"]
[Date "2021.02.19"]
[Round "1.77"]
[White "Fischer, Johannes"]
[Black "Shahriari, Navid"]
[Result "1-0"]
[WhiteElo "2264"]
[BlackElo "689"]
[Annotator "NA"]
[PlyCount "25"]
[EventDate "2021.02.19"]
[EventType "team-tourn"]
[EventCountry "NET"]
[SourceTitle "playchess.com"]
[Source "ChessBase"]
[SourceQuality "1"]

1. e4 c6 2. d4 d5 3. e5 f6 4. Bd3 e6 5. Qh5+ g6 6. Bxg6+ hxg6 7. Qxh8 Qa5+ 8. Nc3 Ne7 9. Bh6 Kd7 10. Qxf8 Nf5 11. Qf7+ Kd8 12. exf6 Nxh6 13. Qe7# 1-0

[Event "1st FIDE OWCCCC Pools-East 2021"]
[Site "Online"]
[Date "2021.02.19"]
[Round "1.77"]
[White "Kota, Ananth"]
[Black "Mukoseev, Anatoly M."]
[Result "1-0"]
[WhiteElo "1720"]
[BlackElo "2362"]
[Annotator "NA"]
[PlyCount "55"]
[EventDate "2021.02.19"]
[EventType "team-tourn"]
[EventCountry "NET"]
[SourceTitle "playchess.com"]
[Source "ChessBase"]
[SourceQuality "1"]

1. e4 e5 2. Nf3 Nc6 3. Bc4 Nf6 4. d3 d5 5. exd5 Nxd5 6. O-O Bd6 7. Bxd5 e4 8. Bxe4 Bxh2+ 9. Kxh2 Qd6+ 10. Kg1 O-O 11. Nc3 f5 12. Bxc6 bxc6 13. Ne2 Bb7 14. Bf4 Qb4 15. c3 Qxb2 16. Qb3+ Qxb3 17. axb3 c5 18. Ne5 h6 19. d4 g5 20. Bd2 c6 21. dxc5 Ba6 22. Rxa6 g4 23. Rxc6 h5 24. Rg6+ Kh7 25. Rg5 h4 26. Rh5+ Kg7 27. Bh6+ Kg8 28. Bxf8 1-0

[Event "1st FIDE OWCCCC Pools-East 2021"]
[Site "Online"]
[Date "2021.02.19"]
[Round "1.77"]
[White "Kachkachishvili, Lasha"]
[Black "Callagher, Liam"]
[Result "1-0"]
[WhiteElo "1681"]
[BlackElo "799"]
[Annotator "NA"]
[PlyCount "57"]
[EventDate "2021.02.19"]
[EventType "team-tourn"]
[EventCountry "NET"]
[SourceTitle "playchess.com"]
[Source "ChessBase"]
[SourceQuality "1"]

1. d4 f5 2. g3 Nc6 3. Bg2 Nf6 4. Nf3 d5 5. O-O e6 6. Bf4 Bb4 7. c3 Ba5 8. Nbd2 O-O 9. Rc1 Bd7 10. b4 Bb6 11. Qb3 Nh5 12. Bg5 Qe8 13. c4 dxc4 14. Nxc4 f4 15. Nxb6 axb6 16. g4 Nf6 17. Bxf6 Rxf6 18. Rfd1 Qg6 19. h3 b5 20. Ne5 Nxe5 21. dxe5 Rff8 22. Rxd7 Rfd8 23. Rcxc7 Rxd7 24. Rxd7 Qe8 25. Rxb7 Rc8 26. Rb6 Rc1+ 27. Kh2 g5 28. Rxe6 Qxe6 29. Qxe6+ 1-0

[Event "1st FIDE OWCCCC Pools-East 2021"]
[Site "Online"]
[Date "2021.02.19"]
[Round "1.78"]
[White "Metwally, Moemem"]
[Black "Rashoev, Rezo"]
[Result "0-1"]
[WhiteElo "974"]
[BlackElo "1570"]
[Annotator "NA"]
[PlyCount "92"]
[EventDate "2021.02.19"]
[EventType "team-tourn"]
[EventCountry "NET"]
[SourceTitle "playchess.com"]
[Source "ChessBase"]
[SourceQuality "1"]

1. d4 d5 2. e3 Nf6 3. c4 e6 4. Nc3 c5 5. b3 Be7 6. Nf3 O-O 7. Ne5 Nbd7 8. f4 Nxe5 9. fxe5 Nd7 10. Bd3 f5 11. g4 Bh4+ 12. Kd2 f4 13. exf4 Rxf4 14. Kc2 cxd4 15. Bxf4 dxc3 16. Kxc3 Qa5+ 17. Kb2 Nc5 18. a4 Bd7 19. Qc2 Ne4 20. Bxe4 dxe4 21. Rhd1 Bc6 22. g5 Rf8 23. Bg3 Bxg5 24. h4 Be7 25. h5 h6 26. Be1 Qxe5+ 27. Bc3 Qxh5 28. Rf1 Bf6 29. Rh1 Qf3 30. Raf1 Qd3 31. Rhg1 Bxc3+ 32. Qxc3 Rxf1 33. Qxd3 exd3 34. Rxf1 e5 35. Rd1 e4 36. Kc3 h5 37. Kd4 g5 38. Ke5 g4 39. Kf4 Kg7 40. Kg5 Be8 41. Re1 d2 42. Rd1 e3 43. Kf4 e2 44. Rxd2 e1=Q 45. Rd5 Qf2+ 46. Kg5 Qf6# 0-1

[Event "1st FIDE OWCCCC Pools-East 2021"]
[Site "Online"]
[Date "2021.02.19"]
[Round "1.78"]
[White "Fedjajevs, Andrejs"]
[Black "Rahal, Michael A"]
[Result "0-1"]
[WhiteElo "868"]
[BlackElo "2333"]
[Annotator "NA"]
[PlyCount "52"]
[EventDate "2021.02.19"]
[EventType "team-tourn"]
[EventCountry "NET"]
[SourceTitle "playchess.com"]
[Source "ChessBase"]
[SourceQuality "1"]

1. e4 e5 2. Nf3 Nc6 3. Nc3 Nf6 4. Bb5 Nd4 5. O-O Nxb5 6. Nxb5 d6 7. d4 exd4 8. Qxd4 Be7 9. Bg5 O-O 10. Rfe1 Be6 11. Bxf6 Bxf6 12. Qb4 Re8 13. c3 a6 14. Nbd4 Bc8 15. Rad1 c5 16. Qc4 cxd4 17. cxd4 Bg4 18. Rd3 Bxf3 19. Rxf3 d5 20. exd5 Rxe1+ 21. Qf1 Rxf1+ 22. Kxf1 Qxd5 23. g3 Qxf3 24. d5 Re8 25. d6 Bd4 26. Kg1 Re1# 0-1

[Event "1st FIDE OWCCCC Pools-East 2021"]
[Site "Online"]
[Date "2021.02.19"]
[Round "1.78"]
[White "Zamyatin, Artem"]
[Black "Nitnaware, Maheswata"]
[Result "0-1"]
[WhiteElo "312"]
[BlackElo "766"]
[Annotator "NA"]
[PlyCount "86"]
[EventDate "2021.02.19"]
[EventType "team-tourn"]
[EventCountry "NET"]
[SourceTitle "playchess.com"]
[Source "ChessBase"]
[SourceQuality "1"]

1. e4 e5 2. Nf3 Nf6 3. Bd3 Nc6 4. O-O Bc5 5. Qe1 O-O 6. b3 b6 7. Bb2 Re8 8. Ba3 d6 9. Bc4 Kf8 10. d4 exd4 11. Nbd2 d5 12. Rb1 Na5 13. b4 Nc6 14. bxc5 bxc5 15. Bb5 Ne7 16. Bxe8 Qxe8 17. c4 dxc4 18. Nxc4 Ba6 19. Ncd2 c4 20. Qe2 d3 21. Qe3 Ng4 22. Qd4 Rd8 23. Qc3 c6 24. Qa5 Bc8 25. Nxc4 d2 26. Rb8 d1=Q 27. Rxd1 Rxd1+ 28. Ne1 f5 29. Nb2 Rd4 30. f3 Ne3 31. Kf2 Nc4 32. Qxf5+ Kg8 33. Nxc4 Rxc4 34. Rxc8 Nxf5 35. Rxe8+ Kf7 36. Rc8 Rc1 37. Bxc1 Nd4 38. Be3 Nb5 39. Rxc6 Nc7 40. Rxc7+ Ke8 41. Rc8+ Kd7 42. Rb8 Kc7 43. Bf4+ Kd7 0-1

[Event "1st FIDE OWCCCC Pools-East 2021"]
[Site "Online"]
[Date "2021.02.19"]
[Round "1.79"]
[White "Stock, Ulrich"]
[Black "Hermeling, Evelien"]
[Result "1-0"]
[WhiteElo "2032"]
[BlackElo "803"]
[Annotator "TA"]
[PlyCount "79"]
[EventDate "2021.02.19"]
[EventType "team-tourn"]
[EventCountry "NET"]
[SourceTitle "playchess.com"]
[Source "ChessBase"]
[SourceQuality "1"]

1. e4 e5 2. f4 Nc6 3. Nf3 d6 4. Nc3 Be6 5. Bb5 a6 6. Bxc6+ bxc6 7. O-O d5 8. Nxe5 Qf6 9. d4 Bd6 10. Nxc6 Nh6 11. e5 Qf5 12. exd6 cxd6 13. Qd3 Qh5 14. Qe2 Ng4 15. h3 Nf6 16. Qxh5 Nxh5 17. f5 Bd7 18. Nb4 Rb8 19. Re1+ Kf8 20. Nbxd5 Bxf5 21. g4 Re8 22. Rxe8+ Kxe8 23. gxf5 g6 24. f6 Kd7 25. Bd2 Ke6 26. Re1+ Kd7 27. Re7+ Kd8 28. Ra7 Re8 29. Ra8+ Kd7 30. Nb6+ Kc7 31. Ncd5+ Kc6 32. Rxe8 Kb5 33. b3 Nf4 34. Bxf4 a5 35. c4+ Ka6 36. Re7 a4 37. b4 g5 38. Bxd6 h6 39. b5+ Ka5 40. Ra7# 1-0

[Event "1st FIDE OWCCCC Pools-East 2021"]
[Site "Online"]
[Date "2021.02.19"]
[Round "1.79"]
[White "Raghava Madhavan"]
[Black "Ivanova, Anastasia S."]
[Result "1-0"]
[WhiteElo "1546"]
[BlackElo "1830"]
[Annotator "NA"]
[PlyCount "23"]
[EventDate "2021.02.19"]
[EventType "team-tourn"]
[EventCountry "NET"]
[SourceTitle "playchess.com"]
[Source "ChessBase"]
[SourceQuality "1"]

1. e4 e5 2. f4 f5 3. exf5 Ne7 4. Qh5+ g6 5. fxg6 Nxg6 6. Bd3 Be7 7. Bxg6+ Kf8 8. Qxe5 Bh4+ 9. g3 Bf6 10. Qh5 Qe8+ 11. Bxe8 Nc6 12. Qf7# 1-0

[Event "1st FIDE OWCCCC Pools-East 2021"]
[Site "Online"]
[Date "2021.02.19"]
[Round "1.79"]
[White "Mikheil, Mikaeliani"]
[Black "Zen, Johnny"]
[Result "1-0"]
[WhiteElo "1357"]
[BlackElo "1204"]
[Annotator "NA"]
[PlyCount "57"]
[EventDate "2021.02.19"]
[EventType "team-tourn"]
[EventCountry "NET"]
[SourceTitle "playchess.com"]
[Source "ChessBase"]
[SourceQuality "1"]

1. e4 e6 2. d4 Bd6 3. e5 Bf8 4. Bd3 Qh4 5. Nf3 Qh5 6. O-O Bb4 7. a3 Ba5 8. b4 Bb6 9. c4 Nc6 10. c5 Ba5 11. bxa5 Nxa5 12. Bd2 f5 13. Bxa5 b6 14. Bb4 a5 15. Bd2 Ba6 16. Bxa6 Rxa6 17. Nc3 bxc5 18. dxc5 c6 19. Qb3 d5 20. cxd6 Nh6 21. Qb7 O-O 22. Qxa6 Qe8 23. Bxh6 gxh6 24. Rab1 Rf7 25. Rb7 h5 26. Rxf7 Qxf7 27. Qc8+ Kg7 28. Qc7 Qxc7 29. dxc7 1-0

[Event "1st FIDE OWCCCC Pools-East 2021"]
[Site "Online"]
[Date "2021.02.19"]
[Round "1.80"]
[White "Galiev, Artem"]
[Black "Alikapalli, Viswanatha"]
[Result "0-1"]
[WhiteElo "1035"]
[BlackElo "1613"]
[Annotator "NA"]
[PlyCount "36"]
[EventDate "2021.02.19"]
[EventType "team-tourn"]
[EventCountry "NET"]
[SourceTitle "playchess.com"]
[Source "ChessBase"]
[SourceQuality "1"]

1. e4 e6 2. Nf3 d5 3. exd5 exd5 4. Nd4 Nf6 5. Bb5+ c6 6. Ba4 Bd6 7. Qe2+ Be7 8. Rf1 O-O 9. f4 Re8 10. g3 Bc5 11. c3 Rxe2+ 12. Nxe2 Qe7 13. b4 Bb6 14. Rf3 Bg4 15. Rf2 Bxf2+ 16. Kxf2 Qxe2+ 17. Kg1 Bh3 18. d4 Qg2# 0-1

[Event "1st FIDE OWCCCC Pools-East 2021"]
[Site "Online"]
[Date "2021.02.19"]
[Round "2"]
[White "Matta, Vinay Kumar"]
[Black "Bialon, Pawel"]
[Result "1-0"]
[WhiteElo "2305"]
[BlackElo "896"]
[Annotator "TA"]
[PlyCount "37"]
[EventDate "2021.02.19"]
[EventType "team-tourn"]
[EventCountry "NET"]
[SourceTitle "playchess.com"]
[Source "ChessBase"]
[SourceQuality "1"]

1. e4 Nf6 2. e5 Nd5 3. d4 e6 4. Nf3 b6 5. c4 Nb4 6. a3 N4c6 7. Bd3 d5 8. O-O Ba6 9. cxd5 Bxd3 10. Qxd3 exd5 11. Nc3 Qd7 12. Bf4 f6 13. exf6 gxf6 14. Rfe1+ Be7 15. Nh4 Rg8 16. Qxh7 Kf8 17. Bh6+ Rg7 18. Qxg7+ Ke8 19. Qf8# 1-0

[Event "1st FIDE OWCCCC Pools-East 2021"]
[Site "Online"]
[Date "2021.02.19"]
[Round "2"]
[White "Srija, Seshadri"]
[Black "The, Sanket"]
[Result "1-0"]
[WhiteElo "2219"]
[BlackElo "1420"]
[Annotator "ChessBase"]
[PlyCount "93"]
[EventDate "2021.02.19"]
[EventType "team-tourn"]
[EventCountry "NET"]
[SourceTitle "playchess.com"]
[Source "ChessBase"]
[SourceQuality "1"]

1. e4 e5 2. Nf3 Nc6 3. Bb5 Nd4 4. Nxd4 exd4 5. O-O c6 6. Bc4 d5 7. exd5 cxd5 8. Bb3 Be6 9. Re1 Be7 10. d3 Nf6 11. Bf4 O-O 12. Be5 Qb6 13. Nd2 Ng4 14. Bg3 Rad8 15. Nf3 Bf6 16. a4 a5 17. Bf4 Be7 18. h3 Nf6 19. Be5 Nd7 20. Bxd4 Bc5 21. c3 Qd6 22. Bc2 f6 23. Bxc5 Nxc5 24. Nd4 Bd7 25. Nb5 Qf4 26. Qh5 g6 27. Qxd5+ Ne6 28. Rxe6 Bxe6 29. Qxe6+ Kg7 30. Qe3 Qf5 31. Nd4 Qe5 32. Ne6+ Kf7 33. Nxd8+ Rxd8 34. Qh6 Kg8 35. Bb3+ Kh8 36. d4 Qf5 37. Qe3 Kg7 38. Qe7+ Kh6 39. Qxd8 Qd3 40. Qxf6 Qf5 41. Qh4+ Qh5 42. Qxh5+ gxh5 43. Re1 Kg5 44. Re6 h6 45. Bc2 Kf4 46. g3+ Kf3 47. Re3# 1-0